| 000 | 00643 a2200181 4500 | ||
|---|---|---|---|
| 999 |
_c5315 _d5315 |
||
| 020 | _a9780534229856 | ||
| 050 | _aQA279 KHU 1998 | ||
| 100 |
_aBowerman, Bruce L. _eauthor |
||
| 245 |
_aLinear statistical models : _ban applied approach/ _cBruce L. Bowerman, Richard T. O'Connell. |
||
| 264 |
_aBoston : _bPWS-Kent Pub. Co., _c ♭1998 |
||
| 300 | _axvi, 1024 pages : illustrations ; 25 cm. | ||
| 440 | _aDuxbury advanced series in statistics and decision sciences. | ||
| 500 | _alncludes index | ||
| 650 | _aRegression analysis. | ||
| 650 | _a Linear models (Statistics) | ||
| 700 | _aRichard T. O'Connell | ||
| 942 |
_2lcc _cBK _h279 _iKHU _kQA |
||